Kto wtedy strzelił gola 1# - Statystyki

Ogólne statystyki
  • Ten quiz został rozwiązany 193 razy
  • Średni wynik to 10 z 15
Statystyki odpowiedzi
mecz kto trafił % Poprawnych
Francja vs Chorwacja 2018 finał euro 4:1 Mbappe
93%
Francja vs Chorwacja 2018 finał euro 3:1 Pogba
88%
Juventus vs Real Madryt 2017 finał ligi mistrzów 0:1 Ronaldo
88%
Juventus vs Real Madryt 2017 finał ligi mistrzów 1:2 Ronaldo
88%
Francja vs Chorwacja 2018 finał euro 2:1 Griezmann
86%
Francja vs Chorwacja 2018 finał euro 1:0 Mandzukić
83%
Francja vs Chorwacja 2018 finał euro 4:2 Mandzukić
83%
Juventus vs Real Madryt 2017 finał ligi mistrzów 1:1 Mandzukić
83%
Francja vs Chorwacja 2018 finał euro 1:1 Perisić
72%
Juventus vs Real Madryt 2017 finał ligi mistrzów 1:3 Casemiro
66%
Juventus vs Real Madryt 2017 finał ligi mistrzów 1:4 Asensio
57%
Borussia Dortmund vs Bayern Monachium 2020 0:1 Kimmich
44%
Manchester United vs Manchester City 2017 1:1 Rashford
43%
Manchester United vs Manchester City 2017 0:1 Silva
36%
Manchester United vs Manchester City 2017 1:2 Otamendi
14%
Nie znaleziono quizów pasujących do podanych kryteriów
Rozkład punktacji
Procent ludzi z każdym wynikiem
Percentyl według liczby udzielonych odpowiedzi
Twoja historia wyników
Nie rozwiązałeś tego quizu